[Event "Lazy Baltic Pearl op-C 21st"]
[Site "Lazy"]
[Date "2025.07.05"]
[Round "6"]
[White "Sciborowski, Miroslaw"]
[Black "Majdziak, Witold"]
[Result "1-0"]
[WhiteElo "1963"]
[BlackElo "1787"]
[PlyCount "64"]
[EventDate "2025.06.30"]
[EventType "swiss"]
[EventRounds "9"]
[EventCountry "POL"]
[SourceTitle "CB28_2025"]
[SourceDate "2025.07.09"]
[SourceVersion "1"]
[SourceVersionDate "2025.07.09"]
[SourceQuality "1"]

1. d4 Nf6 2. Nf3 d5 3. g3 e6 4. Bg2 Be7 5. 0-0 0-0 6. c4 c6 7. Nbd2 Nbd7 8. Qc2 b6 9. Rd1 Bb7 10. e4 dxe4 11. Nxe4 Qc8 12. Ne5 Nxe4 13. Bxe4 Nf6 14. Bg2 Rd8 15. Be3 Nd7 16. Nd3 a5 17. Rac1 Ra7 18. a4 Nf6 19. Qb3 Nd7 20. d5 exd5 21. Bxb6 dxc4 22. Rxc4 Nxb6 23. Qxb6 Ra6 24. Qb3 Qc7 25. Re1 Bf8 26. Nc5 Bxc5 27. Rxc5 Qd7 28. Rce5 Bc8 29. Re7 Bb7 30. R7e5 Qc7 31. Rc5 h6 32. Rce5 Bc8 1-0

[Event "Lazy Baltic Pearl op-C 20th"]
[Site "Lazy"]
[Date "2024.06.30"]
[Round "8"]
[White "Betkowski, Andrzej"]
[Black "Majdziak, Witold"]
[Result "1-0"]
[WhiteElo "2032"]
[BlackElo "1786"]
[PlyCount "75"]
[EventDate "2024.06.24"]
[EventType "swiss"]
[EventRounds "9"]
[EventCountry "POL"]
[SourceTitle "CBM 220 Extra"]
[Source "ChessBase"]
[SourceDate "2024.07.31"]
[SourceVersion "1"]
[SourceVersionDate "2024.07.31"]
[SourceQuality "1"]

1. d4 Nf6 2. Bg5 d5 3. Bxf6 exf6 4. e3 c5 5. c3 Nc6 6. Bd3 cxd4 7. exd4 Bd6 8. Nd2 0-0 9. Qf3 Re8+ 10. Ne2 Qc7 11. Qxd5 Be6 12. Qf3 Ne7 13. c4 b6 14. Ne4 Bb4+ 15. Kf1 Ng6 16. a3 Be7 17. h4 Nf8 18. d5 Bd7 19. Rd1 Qc8 20. Re1 Ng6 21. Nf4 Ne5 22. Qg3 Kh8 23. d6 Bf8 24. Nd5 Nxd3 25. Qxd3 f5 26. Ng5 Rxe1+ 27. Kxe1 Qe8+ 28. Kf1 Bxd6 29. Rh3 h6 30. Nf6 gxf6 31. Qxd6 Kg7 32. Rd3 Bc6 33. Nh3 Be4 34. Rg3+ Kh7 35. Qxf6 Qf8 36. Ng5+ hxg5 37. Rxg5 f4 38. Rh5+ 1-0

[Event "Rubinstein Memorial-C 53rd"]
[Site "Polanica Zdroj"]
[Date "2017.08.27"]
[Round "9"]
[White "Majdziak, Witold"]
[Black "Konopacka, Martyna"]
[Result "0-1"]
[WhiteElo "1764"]
[BlackElo "1882"]
[PlyCount "100"]
[EventDate "2017.08.19"]
[EventType "swiss"]
[EventRounds "9"]
[EventCountry "POL"]
[SourceTitle "CBM 180 Extra"]
[Source "ChessBase"]
[SourceDate "2017.10.06"]
[SourceVersion "1"]
[SourceVersionDate "2017.10.06"]
[SourceQuality "1"]

1. e4 e5 2. Nf3 Nc6 3. Bb5 a6 4. Ba4 Nf6 5. 0-0 Be7 6. Qe2 b5 7. Bb3 d6 8. h3 0-0 9. c3 Na5 10. Bc2 c5 11. d4 Qc7 12. d5 Bd7 13. Nh2 Rfe8 14. g4 h6 15. Nd2 Nh7 16. Ndf3 Qd8 17. Kh1 Ng5 18. Ng1 Nc4 19. b3 Nb6 20. Be3 Nc8 21. Qd2 Bf6 22. Kg2 Nh7 23. Ne2 Ne7 24. Ng3 Ng6 25. Nh5 Bg5 26. Nf3 Nh4+ 27. Nxh4 Bxh4 28. f4 Nf6 29. Nxf6+ Qxf6 30. fxe5 Qxe5 31. Bf4 Qe7 32. Qd3 c4 33. bxc4 bxc4 34. Qf3 Rab8 35. Rab1 Red8 36. Rxb8 Rxb8 37. Bxd6 Qxd6 38. Qxf7+ Kh8 39. e5 Qc5 40. Qg6 Qxd5+ 41. Be4 Qg8 42. Rf7 Be8 43. e6 Rb2+ 44. Kg1 Rf2 45. Bf5 Rf3 46. Be4 Bxf7 47. exf7 Rxf7 48. Bd5 Rf6 49. Qe4 Qb8 50. g5 Qg3+ 0-1

[Event "Gdansk op"]
[Site "Gdansk"]
[Date "2009.07.26"]
[Round "9"]
[White "Bartkowiak, Damian"]
[Black "Majdziak, Witold"]
[Result "1-0"]
[WhiteElo "2106"]
[BlackElo "1846"]
[PlyCount "33"]
[EventDate "2009.07.19"]
[EventType "swiss"]
[EventRounds "9"]
[EventCountry "POL"]
[SourceTitle "CBM 131 Extra"]
[Source "ChessBase"]
[SourceDate "2009.09.03"]
[SourceVersion "2"]
[SourceVersionDate "2009.09.16"]
[SourceQuality "1"]

1. d4 d5 2. c4 e6 3. Nc3 Nf6 4. Bg5 Be7 5. e3 0-0 6. Nf3 c6 7. Rc1 Nbd7 8. a3 a6 9. Bd3 dxc4 10. Bxc4 b5 11. Ba2 c5 12. Qe2 Bb7 13. 0-0 Qc7 14. dxc5 Nxc5 15. b4 Bxf3 16. Qxf3 Nd3 17. Nd5 1-0

[Event "Gdansk op"]
[Site "Gdansk"]
[Date "2009.07.20"]
[Round "3"]
[White "Kaszynski, Bartlomiej"]
[Black "Majdziak, Witold"]
[Result "0-1"]
[WhiteElo "2083"]
[BlackElo "1846"]
[PlyCount "48"]
[EventDate "2009.07.19"]
[EventType "swiss"]
[EventRounds "9"]
[EventCountry "POL"]
[SourceTitle "CBM 131 Extra"]
[Source "ChessBase"]
[SourceDate "2009.09.03"]
[SourceVersion "2"]
[SourceVersionDate "2009.09.16"]
[SourceQuality "1"]

1. d4 Nf6 2. c4 g6 3. Nc3 Bg7 4. e4 d6 5. f3 0-0 6. Nge2 Nbd7 7. Be3 e5 8. Qd2 c6 9. g4 exd4 10. Nxd4 Ne5 11. Be2 d5 12. cxd5 cxd5 13. exd5 Nxd5 14. Nxd5 Qxd5 15. 0-0 Bd7 16. Rfd1 Rfe8 17. h3 Nc6 18. Nxc6 Qxd2 19. Rxd2 Rxe3 20. Rxd7 Rxe2 21. Rxb7 Rc2 22. Ne7+ Kf8 23. Rd7 Re8 24. Nd5 Bd4+ 0-1

[Event "Gdansk op"]
[Site "Gdansk"]
[Date "2009.07.20"]
[Round "2"]
[White "Majdziak, Witold"]
[Black "Pioch, Zygmunt"]
[Result "0-1"]
[WhiteElo "1846"]
[BlackElo "2183"]
[PlyCount "96"]
[EventDate "2009.07.19"]
[EventType "swiss"]
[EventRounds "9"]
[EventCountry "POL"]
[SourceTitle "CBM 131 Extra"]
[Source "ChessBase"]
[SourceDate "2009.09.03"]
[SourceVersion "2"]
[SourceVersionDate "2009.09.16"]
[SourceQuality "1"]

1. d4 Nf6 2. c4 c5 3. d5 b5 4. e3 Bb7 5. Nc3 b4 6. Nce2 g6 7. Ng3 Bg7 8. Nf3 d6 9. Bd3 Nbd7 10. Qc2 0-0 11. Bd2 a5 12. a4 e6 13. e4 exd5 14. exd5 Re8+ 15. Kf1 Ng4 16. Re1 Rxe1+ 17. Bxe1 Nge5 18. Be2 Qe7 19. Bd2 h6 20. h4 Nxf3 21. Bxf3 Qe5 22. b3 Re8 23. Qc1 f5 24. h5 g5 25. Qe1 Rf8 26. Bd1 Bc8 27. Bc2 Qxe1+ 28. Kxe1 Ne5 29. f3 f4 30. Ne4 Bf5 31. Kd1 Bxe4 32. Bxe4 Nd7 33. Bg6 Bd4 34. Ke2 Kg7 35. Kd1 Ne5 36. Be4 Kf6 37. Ke2 Re8 38. Kd1 Ng4 39. fxg4 Rxe4 40. Re1 Be3 41. Bxe3 fxe3 42. Rf1+ Ke5 43. Ke2 Rxg4 44. Rf8 Kd4 45. Re8 Rxg2+ 46. Kf3 Rf2+ 47. Kg3 Rf4 48. Re7 Re4 0-1

[Event "Gdansk op"]
[Site "Gdansk"]
[Date "2008.07.19"]
[Round "1"]
[White "Majdziak, Witold"]
[Black "Pioch, Zygmunt"]
[Result "0-1"]
[WhiteElo "1895"]
[BlackElo "2180"]
[PlyCount "89"]
[EventDate "2008.07.19"]
[EventType "swiss"]
[EventRounds "9"]
[EventCountry "POL"]
[SourceTitle "EXT 2009"]
[Source "ChessBase"]
[SourceDate "2008.11.26"]
[SourceVersion "1"]
[SourceVersionDate "2008.11.26"]
[SourceQuality "1"]

1. e4 e5 2. Nf3 Nc6 3. Bb5 a6 4. Ba4 Nf6 5. 0-0 Be7 6. Re1 b5 7. Bb3 d6 8. c3 0-0 9. h3 Na5 10. Bc2 c5 11. d4 Qc7 12. Nbd2 cxd4 13. cxd4 Nc6 14. d5 Nb4 15. Bb1 a5 16. Nf1 Bd7 17. a3 Na6 18. Bd2 b4 19. axb4 Nxb4 20. Qe2 Qb7 21. Bc3 Rfb8 22. Qd2 a4 23. Ne3 Na6 24. Nc4 Nc5 25. Ra3 Qb5 26. Ncxe5 dxe5 27. Bxe5 Nb3 28. Qg5 h6 29. Qg3 Rc8 30. Bxf6 Bxf6 31. e5 Bd8 32. e6 Be8 33. d6 fxe6 34. Rxe6 Rc1+ 35. Kh2 Bf7 36. Rg6 Bxg6 37. Qxg6 Rxb1 38. Qe6+ Kh8 39. Ne5 Bf6 40. Nf7+ Kh7 41. Qe4+ Kg8 42. Qxa8+ Kxf7 43. Rxa4 Qe5+ 44. f4 Qe3 45. f5 0-1